| 000 | 00607nam a2200241 a 4500 | ||
|---|---|---|---|
| 003 | AR-BaBNM | ||
| 005 | 20251128205207.0 | ||
| 008 | 082120s2002 ||||||||||||||000 | spa|| | ||
| 020 | _a950-01-0495-4 | ||
| 040 | _cAR-BaBNM | ||
| 100 | 1 | _aRusso, Edith Mabel | |
| 245 | 0 | 0 | _aTe presto mi cielo |
| 250 | _a1ª ed. | ||
| 260 |
_aBuenos Aires _bEstrada _c1994 |
||
| 300 |
_a85 p. _bil. |
||
| 650 | 4 | _aLITERATURA POPULAR | |
| 650 | 4 | _aPOESIA | |
| 650 | 4 | _aLITERATURA LATINOAMERICANA | |
| 655 | _aLITERATURA | ||
| 700 | 1 |
_aBartolucci, Sebastián Esteban _eilustrador |
|
| 942 | _cBK | ||
| 998 | _cCARMEN | ||
| 999 |
_c10392 _d10392 |
||